[Event "BPB Limburg open C"]
[Site "Maastricht"]
[Date "2014.06.09"]
[Round "6"]
[White "Visse, Bernard"]
[Black "Katranov, Lev"]
[Result "1-0"]
[WhiteElo "1670"]
[BlackElo "1429"]
[PlyCount "113"]
[EventDate "2014.06.06"]
[EventType "swiss"]
[EventRounds "7"]
[EventCountry "NED"]
[Source "P.Boonen"]
[SourceDate "2014.10.10"]

1. d4 d5 2. Bf4 e6 3. Nf3 Nf6 4. e3 Nbd7 5. Nbd2 Be7 6. Ne5 Nxe5 7. Bxe5 Bd6 8.
Bg3 Bd7 9. Bd3 Qe7 10. f4 c5 11. c3 c4 12. Bc2 Bc6 13. Qf3 Qd7 14. Rc1 b5 15.
e4 dxe4 16. Nxe4 Bxe4 17. Bxe4 Nxe4 18. Qxe4 Rc8 19. Rd1 O-O 20. O-O Qc6 21.
Qxc6 Rxc6 22. d5 exd5 23. Rxd5 Bc5+ 24. Bf2 Bxf2+ 25. Kxf2 a6 26. Rfd1 f5 27.
Rd6 Rf6 28. Rd7 h6 29. h4 Rce6 30. R1d4 g6 31. a4 Rb6 32. a5 Rbe6 33. g3 h5 34.
Rb7 Rd6 35. Rxd6 Rxd6 36. Rb6 Rd2+ 37. Ke3 Rxb2 38. Rxg6+ Kf7 39. Rxa6 Rg2 40.
Rb6 Rxg3+ 41. Kd4 Rg4 42. Ke5 Rg3 43. Kxf5 Rxc3 44. Rb7+ Kg8 45. Rxb5 Rb3 46.
Rc5 c3 47. Kg6 Kf8 48. f5 c2 49. f6 Rg3+ 50. Kxh5 Kf7 51. Rxc2 Kxf6 52. Rc6+
Kf5 53. Kh6 Rg1 54. h5 Rg2 55. a6 Rg1 56. Kh7 Kg5 57. Rg6+ 1-0

[Event "BPB Limburg open C"]
[Site "Maastricht"]
[Date "2014.06.09"]
[Round "6"]
[White "Vossen, Patrick"]
[Black "Nissel, Andreas"]
[Result "0-1"]
[WhiteElo "1500"]
[BlackElo "1737"]
[PlyCount "98"]
[EventDate "2014.06.06"]
[EventType "swiss"]
[EventRounds "7"]
[EventCountry "NED"]
[Source "P.Boonen"]
[SourceDate "2014.10.10"]

1. d4 Nf6 2. e3 d5 3. Bd3 g6 4. Nf3 Bg7 5. Nbd2 O-O 6. O-O Nbd7 7. Re1 c5 8. c3
Qc7 9. e4 cxd4 10. Nxd4 Nc5 11. Bc2 Nfxe4 12. Nxe4 Nxe4 13. Bxe4 dxe4 14. Rxe4
Rd8 15. Qe1 e5 16. Nf3 f6 17. h3 Bf5 18. Re2 Bd3 19. Rd2 Qc5 20. Qd1 e4 21. Ne1
Qb5 22. Nxd3 exd3 23. Qg4 f5 24. Qg5 Qe5 25. Qe3 Qb5 26. Rd1 Rd6 27. b3 Bxc3
28. Rb1 Re8 29. Qxa7 d2 30. Ba3 Ra6 31. Qc5 Qxc5 32. Bxc5 Re1+ 33. Kh2 Rxd1 34.
Rxd1 Rxa2 35. Be3 Kf7 36. Kg3 Ke6 37. Kf3 Rb2 38. Ke2 Rxb3 39. f4 Rb2 40. g4 b5
41. g5 b4 42. Kd3 Kd5 43. h4 Ra2 44. Ke2 Ke4 45. Kf2 Kd3 46. Bc5 b3 47. Be3 b2
48. Bxd2 Bxd2 49. Rb1 Bc1 0-1

[Event "BPB Limburg open C"]
[Site "Maastricht"]
[Date "2014.06.09"]
[Round "6"]
[White "Weidema, Luuk"]
[Black "Heuts, Guido"]
[Result "1/2-1/2"]
[WhiteElo "1189"]
[BlackElo "1345"]
[PlyCount "128"]
[EventDate "2014.06.06"]
[EventType "swiss"]
[EventRounds "7"]
[EventCountry "NED"]
[Source "P.Boonen"]
[SourceDate "2014.10.10"]

1. f4 c6 2. b3 d5 3. Bb2 Nd7 4. Nf3 e6 5. e3 Ngf6 6. Bd3 Nc5 7. Be2 Bd7 8. O-O
Be7 9. Ne5 g6 10. Nc3 Bc8 11. a3 Ncd7 12. Ng4 Nxg4 13. Bxg4 Nf6 14. Rb1 Nxg4
15. Qxg4 Bf6 16. Rf3 h5 17. Qg3 Bh4 18. Qh3 e5 19. f5 Bxf5 20. Rxf5 gxf5 21.
Qxf5 Qf6 22. Qxf6 Bxf6 23. Rf1 Rh6 24. b4 O-O-O 25. b5 Rg8 26. bxc6 bxc6 27.
Ne2 Rhg6 28. g3 h4 29. Kh1 hxg3 30. Nxg3 Bh4 31. Nf5 Bf6 32. Nd6+ Kd7 33. Nf5
e4 34. Nd4 Bxd4 35. Bxd4 a6 36. Rxf7+ Ke6 37. Rf1 Rg2 38. Bc3 R2g6 39. Bb4 Rf6
40. Rd1 Rf2 41. Ba5 Rgg2 42. h4 Kf5 43. d3 Rg4 44. dxe4+ Rxe4 45. Be1 Rxc2 46.
a4 Rxe3 47. Bd2 Rh3+ 48. Kg2 Rxh4 49. Rf1+ Ke4 50. Kg3 Rh7 51. Bf4 Rg7+ 52. Kh3
Rcg2 53. Bh6 R7g6 54. Re1+ Kf3 55. Bc1 Kf2 56. Re7 Rg7 57. Re6 Rg1 58. Be3+ Kf1
59. Bxg1 Rxg1 60. Rxc6 d4 61. Rd6 Rh1+ 62. Kg3 Rh5 63. Rxd4 Ra5 64. Kf3 Ke1
1/2-1/2

[Event "BPB Limburg open C"]
[Site "Maastricht"]
[Date "2014.06.09"]
[Round "6"]
[White "Zhang, Martin"]
[Black "Van Wijnendaele, Jovanni"]
[Result "0-1"]
[WhiteElo "1546"]
[BlackElo "1654"]
[PlyCount "50"]
[EventDate "2014.06.06"]
[EventType "swiss"]
[EventRounds "7"]
[EventCountry "NED"]
[Source "P.Boonen"]
[SourceDate "2014.10.10"]

1. e4 g6 2. d4 Bg7 3. Nc3 d6 4. f4 c6 5. Be3 Nf6 6. Be2 b5 7. e5 Nfd7 8. Nf3
Qc7 9. h4 Nb6 10. h5 Bh6 11. hxg6 hxg6 12. f5 Bg7 13. Rxh8+ Bxh8 14. fxg6 fxg6
15. Bd3 Bf5 16. Bxf5 gxf5 17. Ng5 Kd7 18. Qh5 Qc8 19. e6+ Kc7 20. Nf7 Qxe6 21.
Kf2 f4 22. Bxf4 Bxd4+ 23. Kf3 N8d7 24. g4 Rf8 25. Nh6 Rxf4+ 0-1

[Event "BPB Limburg open C"]
[Site "Maastricht"]
[Date "2014.06.09"]
[Round "7"]
[White "Baeten, Wim"]
[Black "Dubbeldam, Lydia"]
[Result "0-1"]
[WhiteElo "1000"]
[BlackElo "1641"]
[PlyCount "68"]
[EventDate "2014.06.06"]
[EventType "swiss"]
[EventRounds "7"]
[EventCountry "NED"]
[Source "P.Boonen"]
[SourceDate "2014.10.10"]

1. d4 f5 2. c4 d6 3. Nc3 Nf6 4. Nf3 g6 5. Bf4 Bg7 6. e3 O-O 7. Qb3 Kh8 8. Be2
c6 9. O-O Qe8 10. Rac1 Nbd7 11. h3 e5 12. Bh2 Qe7 13. d5 Nb6 14. a4 Nh5 15.
dxc6 bxc6 16. Rfd1 Be6 17. a5 Nc8 18. Rd2 f4 19. e4 Nf6 20. Rcd1 Qc7 21. Qa3 a6
22. Na4 Qxa5 23. b4 Qc7 24. c5 Nxe4 25. cxd6 Ncxd6 26. Rc2 Bf5 27. Bd3 Nb5 28.
Qb2 Rad8 29. Re2 Nxf2 30. Kxf2 e4 31. Qc2 exd3 32. Qc4 dxe2 33. Rxd8 Rxd8 34.
Kxe2 Bd3+ 0-1

[Event "BPB Limburg open C"]
[Site "Maastricht"]
[Date "2014.06.09"]
[Round "7"]
[White "Barbaric, Marko"]
[Black "Parren, Ashley"]
[Result "0-1"]
[WhiteElo "1410"]
[BlackElo "1405"]
[PlyCount "114"]
[EventDate "2014.06.06"]
[EventType "swiss"]
[EventRounds "7"]
[EventCountry "NED"]
[Source "P.Boonen"]
[SourceDate "2014.10.10"]

1. e4 e5 2. Nf3 Nc6 3. Bc4 Bc5 4. c3 d6 5. a4 a6 6. h3 h6 7. d4 Bb6 8. Be3 Nf6
9. Nbd2 Nxe4 10. Bxf7+ Kxf7 11. Nxe4 Rf8 12. O-O d5 13. Ng3 e4 14. Ne5+ Nxe5
15. dxe5 c6 16. Qh5+ Kg8 17. Bd4 Bxd4 18. cxd4 Qb6 19. Rad1 Qxb2 20. Qg6 Rf7
21. Nh5 Bf5 22. Qg3 Qb4 23. Nf4 Qxa4 24. f3 Raf8 25. e6 Re7 26. fxe4 Bxe4 27.
Rfe1 Rf6 28. Rd2 Qb4 29. Qe3 Qd6 30. Rf1 Bf5 31. Rf3 Bxe6 32. Re2 a5 33. g3 g5
34. Nh5 Rxf3 35. Qxf3 Rf7 36. Qd3 Bxh3 37. Re5 Bg4 38. Qe3 Bxh5 39. Re6 Rf3 40.
Rxd6 Rxe3 41. Rxh6 Bf7 42. Kf2 Rd3 43. Rd6 Rxd4 44. Rd7 Rb4 45. Ke3 a4 46. Rd8+
Kg7 47. Ra8 c5 48. Ke2 c4 49. Kd2 d4 50. Ra5 c3+ 51. Kd3 Bg6+ 52. Ke2 d3+ 53.
Ke3 c2 54. Rc5 Rb1 55. Rc7+ Kh6 56. Kd2 c1=Q+ 57. Rxc1 Rxc1 {.....} 0-1

[Event "BPB Limburg open C"]
[Site "Maastricht"]
[Date "2014.06.09"]
[Round "7"]
[White "Beukema, Constantijn"]
[Black "Dubbeldam, Mathijs"]
[Result "0-1"]
[WhiteElo "1000"]
[BlackElo "1350"]
[PlyCount "80"]
[EventDate "2014.06.06"]
[EventType "swiss"]
[EventRounds "7"]
[EventCountry "NED"]
[Source "P.Boonen"]
[SourceDate "2014.10.10"]

1. e4 e6 2. d4 b6 3. Nc3 Bb7 4. Nf3 Bb4 5. Bd3 Ne7 6. O-O O-O 7. Ne2 f5 8. Ng3
fxe4 9. Nxe4 Nf5 10. c3 Be7 11. Ng3 c5 12. dxc5 Bxc5 13. Nxf5 exf5 14. Bf4 Nc6
15. Bc4+ Kh8 16. Ng5 Qe8 17. Re1 Qg6 18. Qxd7 Na5 19. Nf7+ Rxf7 20. Re8+ Rxe8
21. Qxe8+ Rf8 22. Qxg6 hxg6 23. Bf1 Nc6 24. Re1 Be7 25. Bb5 g5 26. Bxc6 Bxc6
27. Rxe7 gxf4 28. Rxa7 Ra8 29. Rxa8+ Bxa8 30. g3 fxg3 31. fxg3 Bd5 32. a3 Bb3
33. Kf2 Kg8 34. Ke3 Kf7 35. Kf4 Kf6 36. h4 g6 37. g4 fxg4 38. Kxg4 Be6+ 39. Kf3
Bd5+ 40. Ke3 Ke5 {.....} 0-1

[Event "BPB Limburg open C"]
[Site "Maastricht"]
[Date "2014.06.09"]
[Round "7"]
[White "Boudry, William"]
[Black "Hauffe, Frank"]
[Result "0-1"]
[WhiteElo "1610"]
[BlackElo "1731"]
[PlyCount "64"]
[EventDate "2014.06.06"]
[EventType "swiss"]
[EventRounds "7"]
[EventCountry "NED"]
[Source "P.Boonen"]
[SourceDate "2014.10.10"]

1. c4 c6 2. g3 e6 3. Bg2 d5 4. d4 Nf6 5. Nf3 Nbd7 6. Nbd2 Be7 7. O-O O-O 8. b3
c5 9. Bb2 cxd4 10. cxd5 Nxd5 11. Nxd4 N7f6 12. e4 Nb6 13. f4 Bc5 14. Nc4 Nxc4
15. bxc4 Qb6 16. Qd2 Rd8 17. Rfd1 e5 18. fxe5 Ng4 19. Kh1 Nxe5 20. Qc2 Bxd4 21.
Bxd4 Rxd4 22. Rxd4 Qxd4 23. Rd1 Qb6 24. Qb2 Bg4 25. Qxb6 axb6 26. Rd5 f6 27. c5
bxc5 28. Rxc5 Rxa2 29. Rc1 Bf3 30. Rg1 Rxg2 31. Rxg2 Bxe4 32. Kg1 Bxg2 0-1

[Event "BPB Limburg open C"]
[Site "Maastricht"]
[Date "2014.06.09"]
[Round "7"]
[White "Chappin, Rene"]
[Black "Vande Ginste, Michiel"]
[Result "1/2-1/2"]
[WhiteElo "1668"]
[BlackElo "1503"]
[PlyCount "23"]
[EventDate "2014.06.06"]
[EventType "swiss"]
[EventRounds "7"]
[EventCountry "NED"]
[Source "P.Boonen"]
[SourceDate "2014.10.10"]

1. e4 c5 2. Nc3 d6 3. f4 Nf6 4. Nf3 Nc6 5. Bb5 g6 6. e5 dxe5 7. Nxe5 Bd7 8. d3
Qc7 9. Nxd7 Nxd7 10. Bd2 Bg7 11. O-O e6 12. a3 1/2-1/2

[Event "BPB Limburg open C"]
[Site "Maastricht"]
[Date "2014.06.09"]
[Round "7"]
[White "Conte, Roberto"]
[Black "Biot, Thomas"]
[Result "0-1"]
[WhiteElo "1689"]
[BlackElo "1570"]
[PlyCount "60"]
[EventDate "2014.06.06"]
[EventType "swiss"]
[EventRounds "7"]
[EventCountry "NED"]
[Source "P.Boonen"]
[SourceDate "2014.10.10"]

1. e4 Nc6 2. f4 d5 3. exd5 Qxd5 4. Nc3 Qd8 5. Bb5 Bd7 6. Nf3 e6 7. d3 Nf6 8.
O-O a6 9. Ba4 Bc5+ 10. Kh1 O-O 11. Qe1 b5 12. Bb3 Bc8 13. Qg3 Ne7 14. Ne5 Bb7
15. f5 Nxf5 16. Rxf5 exf5 17. Bh6 Nh5 18. Qh3 Qf6 19. Nd7 Qxh6 20. Nxc5 Bc8 21.
Qf3 Be6 22. Nxe6 fxe6 23. Nd5 Kh8 24. Nxc7 Ra7 25. Nxe6 Re8 26. Qd5 Rae7 27.
Re1 Rxe6 28. Qxe6 Rxe6 29. Bxe6 Qd2 30. Rf1 Nf4 0-1

[Event "BPB Limburg open C"]
[Site "Maastricht"]
[Date "2014.06.09"]
[Round "7"]
[White "De Coninck, Erik"]
[Black "Mitran, Marie"]
[Result "1-0"]
[WhiteElo "1628"]
[BlackElo "1466"]
[PlyCount "73"]
[EventDate "2014.06.06"]
[EventType "swiss"]
[EventRounds "7"]
[EventCountry "NED"]
[Source "P.Boonen"]
[SourceDate "2014.10.10"]

1. g3 e5 2. Bg2 Nf6 3. c4 Nc6 4. Nc3 Bb4 5. a3 Be7 6. d3 O-O 7. Nf3 d6 8. O-O
Bg4 9. b4 a6 10. Be3 Re8 11. d4 e4 12. Nd2 d5 13. cxd5 Nxd5 14. Nxd5 Qxd5 15.
Nxe4 Qd7 16. Nc5 Bxc5 17. dxc5 Rad8 18. Qc2 Nd4 19. Bxd4 Rxe2 20. Qc3 Qxd4 21.
Qxd4 Rxd4 22. Rad1 Rdd2 23. Rxd2 Rxd2 24. Re1 Be6 25. Bxb7 Rd3 26. Bxa6 Rxa3
27. Bc8 Rb3 28. Bxe6 fxe6 29. Rxe6 Rxb4 30. Re7 Rb7 31. c6 Ra7 32. Kg2 Kf8 33.
Rd7 h6 34. Kf3 Ra3+ 35. Ke4 Ra4+ 36. Kd5 Ra5+ 37. Ke6 1-0

[Event "BPB Limburg open C"]
[Site "Maastricht"]
[Date "2014.06.09"]
[Round "7"]
[White "De Geest, Jan"]
[Black "Dardha, Daniel"]
[Result "0-1"]
[WhiteElo "1661"]
[BlackElo "1617"]
[PlyCount "84"]
[EventDate "2014.06.06"]
[EventType "swiss"]
[EventRounds "7"]
[EventCountry "NED"]
[Source "P.Boonen"]
[SourceDate "2014.10.10"]

1. e4 c5 2. Nf3 Nc6 3. d4 cxd4 4. Nxd4 e5 5. Nb5 d6 6. N1c3 a6 7. Na3 Nf6 8.
Bg5 b5 9. Nd5 Be7 10. Bxf6 Bxf6 11. c3 O-O 12. Be2 Be6 13. O-O Bg5 14. Nc2 Ne7
15. Nce3 Bxe3 16. Nxe3 d5 17. exd5 Nxd5 18. Nxd5 Qxd5 19. Qc2 f5 20. Rfd1 Qb7
21. Rd2 Rf6 22. Rad1 Rg6 23. f3 e4 24. fxe4 fxe4 25. Rd8+ Rxd8 26. Rxd8+ Kf7
27. Bh5 Ke7 28. Qd2 Qb6+ 29. Rd4 Rh6 30. Qg5+ Kf8 31. Kh1 Rf6 32. Rd1 Qf2 33.
Rd8+ Ke7 34. Re8+ Kd6 35. Qg3+ Qxg3 36. hxg3 Rh6 37. Ra8 Rxh5+ 38. Kg1 e3 39.
Rxa6+ Ke5 40. Ra5 Rh1+ 41. Kxh1 e2 42. Rxb5+ Kf6 0-1

[Event "BPB Limburg open C"]
[Site "Maastricht"]
[Date "2014.06.09"]
[Round "7"]
[White "De Mon, Gino"]
[Black "De Bruin, Joost"]
[Result "1-0"]
[WhiteElo "1744"]
[BlackElo "1724"]
[PlyCount "63"]
[EventDate "2014.06.06"]
[EventType "swiss"]
[EventRounds "7"]
[EventCountry "NED"]
[Source "P.Boonen"]
[SourceDate "2014.10.10"]

1. c4 f5 2. Nc3 Nf6 3. Nf3 g6 4. d4 Bg7 5. Bf4 O-O 6. e3 d6 7. Be2 h6 8. O-O
Nbd7 9. Re1 g5 10. Bg3 c6 11. Qc2 Nh5 12. d5 Nxg3 13. hxg3 e5 14. dxe6 Nc5 15.
Nd4 Qf6 16. Rad1 Bxe6 17. Nxe6 Qxe6 18. Rd2 Bxc3 19. bxc3 Ne4 20. Rd4 Rad8 21.
Red1 Rd7 22. Bf3 d5 23. cxd5 cxd5 24. Bxe4 fxe4 25. Qd2 Kf7 26. c4 Rd6 27. cxd5
Qf5 28. Qc2 Rfd8 29. f3 Rxd5 30. Qc4 Ke6 31. Rxd5 Rxd5 32. fxe4 1-0

[Event "BPB Limburg open C"]
[Site "Maastricht"]
[Date "2014.06.09"]
[Round "7"]
[White "De Ridder, Yulian"]
[Black "Boesmans, Peter"]
[Result "1-0"]
[WhiteElo "1348"]
[BlackElo "1390"]
[PlyCount "79"]
[EventDate "2014.06.06"]
[EventType "swiss"]
[EventRounds "7"]
[EventCountry "NED"]
[Source "P.Boonen"]
[SourceDate "2014.10.10"]

1. e4 e5 2. Nf3 Nc6 3. Bc4 g6 4. d3 Bg7 5. Ng5 Nh6 6. O-O Bf6 7. Nh3 d6 8. Bxh6
Bxh3 9. gxh3 g5 10. Qh5 Qe7 11. Kh1 Rg8 12. Rg1 Nd4 13. Nc3 c6 14. Rac1 Ne6 15.
Bxe6 Qxe6 16. Bxg5 O-O-O 17. Bxf6 Qxf6 18. Qf5+ Qe6 19. Qxe6+ fxe6 20. Rxg8
Rxg8 21. Rg1 Rf8 22. Kg2 Rf7 23. Ne2 Kc7 24. d4 exd4 25. Nxd4 Kd7 26. b4 b6 27.
a4 c5 28. bxc5 dxc5 29. Nb3 Kd6 30. Kf1 Ke5 31. Rg4 Rd7 32. a5 c4 33. axb6 axb6
34. f4+ Kxe4 35. f5+ Kf3 36. Rd4 Rg7 37. Rg4 Rd7 38. Nd4+ Ke3 39. fxe6 Re7 40.
Nf5+ 1-0

[Event "BPB Limburg open C"]
[Site "Maastricht"]
[Date "2014.06.09"]
[Round "7"]
[White "Decruyenaere, Robbert"]
[Black "Van Dael, Siem"]
[Result "0-1"]
[WhiteElo "1526"]
[BlackElo "1587"]
[PlyCount "118"]
[EventDate "2014.06.06"]
[EventType "swiss"]
[EventRounds "7"]
[EventCountry "NED"]
[Source "P.Boonen"]
[SourceDate "2014.10.10"]

1. d4 d5 2. Nf3 Bf5 3. c4 e6 4. Nc3 Nf6 5. Bg5 Bb4 6. e3 c5 7. a3 Bxc3+ 8. bxc3
Qa5 9. Qb3 Nbd7 10. Bxf6 Nxf6 11. Qb5+ Qxb5 12. cxb5 c4 13. Be2 a6 14. bxa6
bxa6 15. O-O O-O 16. Nh4 Bc2 17. Rfc1 Bb3 18. Bd1 Rab8 19. Rab1 Bxd1 20. Rxd1
Rb3 21. Rxb3 cxb3 22. Nf3 Rb8 23. Nd2 b2 24. Rb1 Ne4 25. Nxe4 dxe4 26. g3 f5
27. c4 Rb3 28. c5 Kf8 29. Kf1 a5 30. a4 Rb4 31. Ke2 Ke7 32. f4 exf3+ 33. Kxf3
g5 34. h3 Kd7 35. Ke2 Kc6 36. Kd2 Rb3 37. Ke2 Kd5 38. Kf3 e5 39. Kf2 Rb4 40.
Ke2 exd4 41. exd4 Kxd4 42. c6 Kc3 43. Rd1 Rc4 44. Rd3+ Kc2 45. Rd2+ Kb1 46. Rd5
Ka1 47. Rd1+ b1=Q 48. Rxb1+ Kxb1 49. Kf3 Rxc6 50. h4 Rc3+ 51. Kf2 g4 52. h5
Rf3+ 53. Kg2 Kc2 54. Kh2 Kd2 55. Kg2 Ke2 56. h6 Ke1 57. Kg1 Rxg3+ 58. Kh1 Kf1
59. Kh2 Rh3# 0-1

[Event "BPB Limburg open C"]
[Site "Maastricht"]
[Date "2014.06.09"]
[Round "7"]
[White "Deider, Kevin"]
[Black "Van der Hoeven, Carsten"]
[Result "0-1"]
[WhiteElo "1057"]
[BlackElo "1366"]
[PlyCount "66"]
[EventDate "2014.06.06"]
[EventType "swiss"]
[EventRounds "7"]
[EventCountry "NED"]
[Source "P.Boonen"]
[SourceDate "2014.10.10"]

1. e4 d6 2. d4 Nf6 3. Nc3 g6 4. Bc4 Bg7 5. Nf3 Nbd7 6. Bxf7+ Kxf7 7. Ng5+ Kg8
8. Ne6 Qe8 9. Nxc7 Qd8 10. Nxa8 e5 11. d5 Nc5 12. Bg5 Bd7 13. Qf3 Kf7 14. Bxf6
Bxf6 15. h4 Qxa8 16. h5 Qc8 17. hxg6+ hxg6 18. Rxh8 Qxh8 19. O-O-O Qh6+ 20. Kb1
b5 21. Ne2 a5 22. a3 b4 23. axb4 axb4 24. Ng3 Qg5 25. Qe2 b3 26. cxb3 Nxb3 27.
Qc2 Ba4 28. Qc7+ Be7 29. Rh1 Qd2 30. Rh7+ Kg8 31. Rh1 Nd4 32. Qxe7 Bc2+ 33. Ka2
Qa5# 0-1

[Event "BPB Limburg open C"]
[Site "Maastricht"]
[Date "2014.06.09"]
[Round "7"]
[White "Disters, Ingrid"]
[Black "Loutragotis, Marios"]
[Result "1-0"]
[WhiteElo "1223"]
[BlackElo "1000"]
[PlyCount "59"]
[EventDate "2014.06.06"]
[EventType "swiss"]
[EventRounds "7"]
[EventCountry "NED"]
[Source "P.Boonen"]
[SourceDate "2014.10.10"]

1. e4 e6 2. Nf3 d5 3. e5 Nc6 4. d4 f6 5. Bb5 Bd7 6. Bxc6 Bxc6 7. O-O g6 8. b3
Bg7 9. Re1 Nh6 10. c4 Nf7 11. Bb2 O-O 12. Nbd2 b5 13. cxd5 Bxd5 14. Rc1 Ng5 15.
Ba3 Re8 16. Nxg5 fxg5 17. f3 Bb7 18. Ne4 Bxe4 19. fxe4 Bf8 20. Bb2 Qe7 21. Rf1
Rac8 22. d5 Rcd8 23. Qf3 c5 24. d6 Qg7 25. Rxc5 Bxd6 26. exd6 Qxb2 27. Qf7+ Kh8
28. Rc7 Qd4+ 29. Kh1 Rd7 30. Rxd7 1-0

[Event "BPB Limburg open C"]
[Site "Maastricht"]
[Date "2014.06.09"]
[Round "7"]
[White "Godde, Matthias"]
[Black "Schlepuetz, Volker"]
[Result "0-1"]
[WhiteElo "1277"]
[BlackElo "1437"]
[PlyCount "48"]
[EventDate "2014.06.06"]
[EventType "swiss"]
[EventRounds "7"]
[EventCountry "NED"]
[Source "P.Boonen"]
[SourceDate "2014.10.10"]

1. d4 Nf6 2. Nf3 e6 3. e3 d5 4. Bd3 Nbd7 5. O-O c5 6. b3 cxd4 7. exd4 Be7 8.
Bb2 O-O 9. Nbd2 b6 10. Ne5 Bb7 11. f4 Re8 12. Rf3 Ne4 13. Rh3 Ndf6 14. Nxe4
dxe4 15. Bc4 a6 16. g4 b5 17. Bf1 Nd5 18. Bc1 f6 19. g5 fxe5 20. Qh5 h6 21.
gxh6 Nxf4 22. Bxf4 exf4 23. hxg7 Qxd4+ 24. Kh1 e3+ 0-1

[Event "BPB Limburg open C"]
[Site "Maastricht"]
[Date "2014.06.09"]
[Round "7"]
[White "Godding, Mick"]
[Black "De Jong, Lucas"]
[Result "1/2-1/2"]
[WhiteElo "1616"]
[BlackElo "1585"]
[PlyCount "23"]
[EventDate "2014.06.06"]
[EventType "swiss"]
[EventRounds "7"]
[EventCountry "NED"]
[Source "P.Boonen"]
[SourceDate "2014.10.10"]

1. f4 d5 2. b3 Nf6 3. Nf3 c5 4. e3 g6 5. Bb2 Bg7 6. Bb5+ Bd7 7. Bxd7+ Nbxd7 8.
Nc3 O-O 9. O-O Ne4 10. Qe2 Nxc3 11. Bxc3 Bxc3 12. dxc3 1/2-1/2

[Event "BPB Limburg open C"]
[Site "Maastricht"]
[Date "2014.06.09"]
[Round "7"]
[White "Hammers, Michael"]
[Black "Reichardt, Monica"]
[Result "0-1"]
[WhiteElo "1604"]
[BlackElo "1447"]
[PlyCount "80"]
[EventDate "2014.06.06"]
[EventType "swiss"]
[EventRounds "7"]
[EventCountry "NED"]
[Source "P.Boonen"]
[SourceDate "2014.10.10"]

1. e4 c5 2. Nf3 d6 3. g3 Nc6 4. Bg2 Nf6 5. d3 g6 6. O-O Bg7 7. Re1 Qc7 8. Nbd2
a6 9. Nf1 Rb8 10. Ne3 b5 11. h3 Bb7 12. Nh2 e6 13. Nhg4 Nxg4 14. Nxg4 Ne5 15.
Ne3 Nd7 16. f4 Nf6 17. f5 Nh5 18. Nf1 Be5 19. fxe6 fxe6 20. Qg4 Qd7 21. Bf4
Bxb2 22. Rab1 Bc3 23. Re2 Nxf4 24. gxf4 Kd8 25. Ng3 Kc7 26. Rf1 Rbf8 27. h4 e5
28. Qxd7+ Kxd7 29. f5 gxf5 30. Nxf5 Rhg8 31. Kh2 Kc7 32. Ref2 Bc8 33. Nh6 Rxf2
34. Rxf2 Rg7 35. Bh3 Be1 36. Rf8 Bg3+ 37. Kg2 Bf4+ 38. Bg4 Bxg4 39. Rf7+ Rxf7
40. Nxf7 Bd1 0-1

[Event "BPB Limburg open C"]
[Site "Maastricht"]
[Date "2014.06.09"]
[Round "7"]
[White "Havenith, Julia"]
[Black "Reusink, Hans"]
[Result "1-0"]
[WhiteElo "1570"]
[BlackElo "1553"]
[PlyCount "49"]
[EventDate "2014.06.06"]
[EventType "swiss"]
[EventRounds "7"]
[EventCountry "NED"]
[Source "P.Boonen"]
[SourceDate "2014.10.10"]

1. e4 c5 2. c3 Nf6 3. e5 Nd5 4. d4 cxd4 5. cxd4 d6 6. exd6 e6 7. Nf3 Bxd6 8.
Be2 Qc7 9. Bd2 Bd7 10. Nc3 a6 11. Nxd5 exd5 12. Qb3 Bc6 13. Rc1 Qd7 14. Qe3+
Qe7 15. Qxe7+ Bxe7 16. Ne5 O-O 17. Bf3 Re8 18. O-O Bd6 19. Nxc6 bxc6 20. Rfe1
Rxe1+ 21. Rxe1 Nd7 22. Rc1 Nb8 23. Bxd5 cxd5 24. Rc8+ Bf8 25. Bf4 1-0

[Event "BPB Limburg open C"]
[Site "Maastricht"]
[Date "2014.06.09"]
[Round "7"]
[White "Heijenrath, Jan"]
[Black "Van Roon, Sjoerd"]
[Result "0-1"]
[WhiteElo "1740"]
[BlackElo "1646"]
[PlyCount "56"]
[EventDate "2014.06.06"]
[EventType "swiss"]
[EventRounds "7"]
[EventCountry "NED"]
[Source "P.Boonen"]
[SourceDate "2014.10.10"]

1. Nf3 d5 2. d4 c6 3. e3 Nf6 4. c4 Bg4 5. Nc3 e6 6. Be2 Qc7 7. O-O Nbd7 8. cxd5
exd5 9. Bd2 Bd6 10. h3 Bf5 11. Rc1 a6 12. g4 Be4 13. g5 Ng8 14. Nxe4 dxe4 15.
Ne1 Ne7 16. Bg4 O-O-O 17. Qc2 h6 18. Qxe4 hxg5 19. Nf3 Rdf8 20. Bxd7+ Qxd7 21.
Nxg5 Rh5 22. f4 f6 23. Ne6 Rfh8 24. f5 g6 25. d5 Nxd5 26. Kg2 Nc7 27. Nxc7 Bxc7
28. Qe6 Rg5+ 0-1

[Event "BPB Limburg open C"]
[Site "Maastricht"]
[Date "2014.06.09"]
[Round "7"]
[White "Heuts, Guido"]
[Black "De Cocq, Ramin"]
[Result "1-0"]
[WhiteElo "1345"]
[BlackElo "1093"]
[PlyCount "115"]
[EventDate "2014.06.06"]
[EventType "swiss"]
[EventRounds "7"]
[EventCountry "NED"]
[Source "P.Boonen"]
[SourceDate "2014.10.10"]

1. d4 d5 2. c4 e6 3. Nc3 Nf6 4. Bg5 c6 5. Nf3 Be7 6. e3 h6 7. Bh4 b6 8. Bd3
dxc4 9. Bxc4 Bb7 10. O-O Nbd7 11. Re1 O-O 12. Bd3 Rc8 13. e4 Ne8 14. Bg3 Nb8
15. Qc2 Na6 16. a3 c5 17. dxc5 Nxc5 18. Rad1 Nc7 19. Bb5 Bd6 20. Rxd6 Qf6 21.
Rdd1 a6 22. Bd3 Qe7 23. Nd2 Na8 24. Nc4 Rfd8 25. Nd6 Rxd6 26. Bxd6 Qxd6 27.
Bxa6 Qc7 28. Nb5 Qb8 29. Bxb7 Nxb7 30. Qb3 Na5 31. Qf3 Nc7 32. Rd7 f6 33. Qh5
Ne8 34. Qf7+ Kh8 35. Nd6 Qxd6 36. Rxd6 Nxd6 37. Qxe6 Nab7 38. e5 fxe5 39. Qxe5
b5 40. g3 Kg8 41. Rd1 Rd8 42. Rc1 Re8 43. Qd5+ Kh8 44. Rc7 Rb8 45. Rd7 Rc8 46.
Rxd6 Nxd6 47. Qxd6 Rc1+ 48. Kg2 Rc2 49. Qb4 Rc8 50. Qxb5 Rf8 51. Qc5 Rb8 52. b4
Ra8 53. b5 Rb8 54. b6 Rg8 55. b7 Kh7 56. Qc7 h5 57. b8=Q Rxb8 58. Qxb8 1-0

[Event "BPB Limburg open C"]
[Site "Maastricht"]
[Date "2014.06.09"]
[Round "7"]
[White "Katoen, Tom"]
[Black "Visse, Bernard"]
[Result "1/2-1/2"]
[WhiteElo "1398"]
[BlackElo "1670"]
[PlyCount "99"]
[EventDate "2014.06.06"]
[EventType "swiss"]
[EventRounds "7"]
[EventCountry "NED"]
[Source "P.Boonen"]
[SourceDate "2014.10.10"]

1. c4 Nf6 2. d4 e5 3. dxe5 Ng4 4. Nf3 Bc5 5. e3 Nc6 6. a3 a5 7. Nc3 Ngxe5 8.
Be2 O-O 9. O-O Re8 10. b3 Ra6 11. Na4 Bf8 12. Bb2 Nxf3+ 13. Bxf3 Ne5 14. Bd5
Rh6 15. f4 Nc6 16. Rf3 d6 17. Rg3 Qh4 18. Qf3 Qxh2+ 19. Kf1 Bd7 20. f5 Ne5 21.
Bxe5 Rxe5 22. Qf2 Rxf5 23. Rf3 Rxf3 24. Bxf3 Rf6 25. Ke2 Bc6 26. Nc3 Qe5 27.
Rc1 g6 28. Qh4 Bxf3+ 29. gxf3 c6 30. Rh1 Qh5 31. Qxh5 gxh5 32. Rxh5 b6 33. Na4
d5 34. Nxb6 Bxa3 35. cxd5 cxd5 36. Nxd5 Re6 37. Nf4 Ra6 38. Rb5 h6 39. Nd3 Kg7
40. e4 Be7 41. f4 a4 42. bxa4 Rxa4 43. Ke3 Ra3 44. e5 h5 45. Ke4 Ra2 46. f5 Bg5
47. Rb1 Re2+ 48. Kd5 Re3 49. Nf2 Rf3 50. f6+ 1/2-1/2